000 00692nam a2200181Ia 4500
008 100917s9999 xx 000 0 und d
082 _b18741
100 _aदेवधर बापू बळवंत
245 _aश्री कृष्ण चैतन्य प्रभू गौरांग भा 2रा
260 _b---
_c1914
300 _a70
365 _b6
520 _aचरित्र
630 _aश्री कृष्ण चैतन्य प्रभू गौरांग भा 2रा
650 _aचरित्र
730 _aश्री कृष्ण चैतन्य प्रभू गौरांग भा 2रा
942 _cBOOK
999 _c624135
_d624132